000 00232nam a2200109Ia 4500
008 190216s9999||||xx |||||||||||||| ||und||
100 _aYogaraj Thavi
245 0 _aHindi-Hariiyana
260 _bNull
650 _aHindi
942 _cBK
999 _c15332
_d15332